| 000 | 00612nam a2200241Ia 4500 | ||
|---|---|---|---|
| 003 | OSt | ||
| 005 | 20250919095102.0 | ||
| 008 | 210210b2009 xxu||||| |||| 00| 0 eng d | ||
| 020 | _a9789380026770 | ||
| 040 | _cAL | ||
| 041 | _aeng | ||
| 082 | _a530 JHAT | ||
| 100 |
_aJha A K _9239559 |
||
| 245 | _aTextbook of applied physics Vol I | ||
| 260 |
_aNew Delhi _bI K International Publishing House Pvt. Ltd _c2009 |
||
| 300 | _axi,403p | ||
| 440 |
_aVol 1 _9239560 |
||
| 650 |
_aholography _9239567 |
||
| 650 |
_afibre optics _9239568 |
||
| 690 |
_aPhysics _9239570 |
||
| 906 | _a068738 | ||
| 942 |
_2ddc _cBK |
||
| 999 |
_c152941 _d152941 |
||